00845cam a2200265Ia 4500001000600000003000600006005001700012008004100029020001500070039002300085050002000108245010200128250001200230260004000242300003200282504005100314596000600365650001300371700002000384700001800404700001600422942001200438952011200450999001700562u9663SIRSI20180220094412.0000508s1998 enka b 001 0 eng d a0751403628 9y200203190952zload aQP601bE58 199800aEnzyme chemistry:bimpact and applications/cedited by C. J. Suckling, C. L. Gibson, A. R. Pitt. a3rd ed. aLondon :bChapman and Hall,cc1998. ax, 293 p. :bill. ;c24 cm. aIncludes bibliographical references and index. a1 0aEnzymes.10aSuckling, C. J.10aGibson, C. L.10aPitt, A. R. cBK2lcc 00102lcc4070aENALbENALd2018-02-20l0oQP601 E58 1998p0006153r2018-02-20 00:00:00t1w2018-02-20yBK c35539d35539